| 000 | 00437cam a2200181ua 4500 | ||
|---|---|---|---|
| 020 | _c145.00 | ||
| 041 |
_aeng _h |
||
| 082 |
_a664.94 _bBYK/MA |
||
| 100 | _aBykov, V P . | ||
| 245 | 0 | 0 |
_aMarine fishes / _cV P Bykov. _hTextual Documents |
| 250 |
_a1 / _b. |
||
| 260 |
_aNew Delhi : _bAmerind Publishing Co Pvt Ltd , _c1983. |
||
| 300 | _a322 ; . | ||
| 365 | _a145.00 | ||
| 504 | _a | ||
| 942 | _cBK | ||
| 999 |
_c10251 _d10251 |
||